Biggest U.S. Cities under Spanish Control in 1800 with a Map - Statistics

General Stats
  • This quiz has been taken 316 times
  • The average score is 15 of 40
Answers on the Map
Answers color-coded by a green-red scale on the quiz's map according to % correct below.
 
Answer Stats
Population City % Correct
8,000 Nueva Orleans (New Orleans)
96%
635 Misión San Francisco de Asís (San Francisco)
95%
1,512 Misión San Diego de Alcalá (San Diego)
91%
4,600 Alburquerque (Albuquerque)
84%
1,114 Misión San Antonio de Padua (Fort Hunter Liggett, Jolon)
84%
2,000 San Antonio de Béjar (San Antonio)
84%
1,039 San Luis (St. Louis)
84%
4,500 Santa Fé (Santa Fe)
83%
1,000 Tucsón (Tucson)
74%
1,400 Bastón Rojo (Baton Rouge)
73%
800 Mauvila (Mobile)
70%
864 Misión de Santa Barbara (Santa Barbara)
60%
1,600 San Agustín (St. Augustine)
60%
900 Laredo
57%
769 Pensacola
57%
700 Santa Ana (Santa Ana Pueblo)
44%
1,318 Misión Santa Clara de Asís (Santa Clara)
40%
2,000 Santa Clara (Santa Clara Pueblo)
40%
2,600 Santa Cruz de la Cañada (Santa Cruz)
33%
724 Misión San Luis Obispo de Tolosa (San Luis Obispo)
32%
722 Misión San Buenaventura (Ventura)
26%
1,046 Misión San Juan Capistrano (San Juan Capistrano)
25%
2,100 San Juan de los Caballeros (Ohkay Owingeh)
25%
1,300 Taos (Taos Pueblo)
21%
747 Misión San Carlos Borromeo de Carmelo (Carmel-by-the-Sea)
16%
660 Nacogdoches
12%
1,700 Los Nachitochas (Natchitoches)
10%
961 Misión de La Purísima Concepción (Lompoc)
9%
1,400 La Bahía (Goliad)
7%
1,136 Misión de San Gabriel Arcángel (San Gabriel)
7%
1,163 Santa Genoveva (Ste. Genevieve)
7%
2,700 Zuni (Zuni Pueblo)
6%
1,500 Belen
5%
700 San Felipe (San Felipe Pueblo)
4%
1,700 Santo Domingo (Santo Domingo Pueblo)
4%
800 Laguna
3%
1,700 Abiquiú
2%
750 Acoma (Acoma Pueblo)
2%
900 Cochiti
2%
800 Picuriés (Picuris Pueblo)
2%
No matching quizzes found
Score Distribution
Percent of People with Each Score
Percentile by Number Answered
Your Score History
You have not taken this quiz